| 000 | 00910nam a22002775a 4500 | ||
|---|---|---|---|
| 008 | 100913r20041989ii ||||fr|||| 001 0 eng d | ||
| 020 | _a8180140407 | ||
| 040 |
_aEG-ScBUE _beng _cEG-ScBUE |
||
| 082 | 0 | 4 |
_a620.136 _bGUP _222 |
| 100 | 1 |
_aGupta ,B.L. _918845 |
|
| 245 | 1 | 0 |
_aConcrete Technology/ _cB.L.Gupta ,Amit Gupta. |
| 250 | _a3rd ed. Reprint. | ||
| 260 |
_aNew Delhi : _bA.K. Jain, _c2004. |
||
| 300 |
_a652 p. : _bill. ; _c25 cm. |
||
| 500 | _aIndex : p. 645-652. | ||
| 500 | _aReprint of the 2004 ed. | ||
| 504 | _aIncludes Bibliography . | ||
| 590 | _ayassmeen ashraf | ||
| 650 | 0 |
_aPavements, Concrete--Testing. _918846 _2BUEsh |
|
| 650 | 0 |
_aBridges, Concrete--Floors--Testing. _918847 _2BUEsh |
|
| 650 | 0 |
_aPavements, Reinforced concrete--Testing. _918848 _2BUEsh |
|
| 651 | _2BUEsh | ||
| 653 |
_bENGGEN _cAugust2015 |
||
| 700 | 1 | _aGupta,Amit. | |
| 942 |
_cBB _k620.136 GUP _2ddc |
||
| 999 |
_c2901 _d2901 |
||